Climate change risks in building (Record no. 104245)

MARC details
000 -LEADER
fixed length control field 01170cam a2200277 4500
001 - CONTROL NUMBER
control field L129593
008 - FIXED-LENGTH DATA ELEMENTS--GENERAL INFORMATION
fixed length control field 050504n2005 000 0 eng u
020 ## - INTERNATIONAL STANDARD BOOK NUMBER
International Standard Book Number 086017638X
035 ## - SYSTEM CONTROL NUMBER
System control number (Sirsi) u129593
041 ## - LANGUAGE CODE
Language code of text/sound track or separate title eng
050 ## - LIBRARY OF CONGRESS CALL NUMBER
Classification number 551.52
-- 18
100 ## - MAIN ENTRY--PERSONAL NAME
Personal name Vivian, Sally
245 ## - TITLE STATEMENT
Title Climate change risks in building
Remainder of title an introduction
260 ## - PUBLICATION, DISTRIBUTION, ETC.
Place of publication, distribution, etc. London
Name of publisher, distributor, etc. CIRIA
Date of publication, distribution, etc. 2005
300 ## - PHYSICAL DESCRIPTION
Extent 84p.
Dimensions 30cm.
350 ## - PRICE (NR) (BK AM CF MU VM SE) [OBSOLETE]
Price 95
490 ## - SERIES STATEMENT
Series statement CIRIA
Volume/sequential designation C638
520 ## - SUMMARY, ETC.
Summary, etc. Provides a current review of the implications of climate change.Describes a method for assessing the risk that should help designers and constructors to make rational decisions about whether to incorporate climate change consequences in their projects. The generic approach for risk decision making is suggested so it can be adapted to complement existing internal decision making processes. Bibliography.
590 ## - LOCAL NOTE (RLIN)
Local note IKA070605
690 ## - LOCAL SUBJECT ADDED ENTRY--TOPICAL TERM (OCLC, RLIN)
Topical term or geographic name as entry element BUILT ENVIRONMENT-BUILDING PATHOLOGY
700 ## - ADDED ENTRY--PERSONAL NAME
Personal name Williams, Nicole
700 ## - ADDED ENTRY--PERSONAL NAME
Personal name Rogers, Will
710 ## - ADDED ENTRY--CORPORATE NAME
Corporate name or jurisdiction name as entry element Construction Industry Research and Information Association
9 (RLIN) 4810
710 ## - ADDED ENTRY--CORPORATE NAME
Corporate name or jurisdiction name as entry element United Kingdom
Subordinate unit Department of Trade and Industry
942 ## - ADDED ENTRY ELEMENTS (KOHA)
Suppress in OPAC 0
Holdings
Withdrawn status Lost status Source of classification or shelving scheme Damaged status Not for loan Home library Current library Shelving location Date acquired Total Checkouts Full call number Barcode Date last seen Date last checked out Copy number Price effective from Koha item type
    Dewey Decimal Classification     London London Folio 11/05/2005 1 F551.52 VIV 30070570 06/08/2019 20/07/2005 1 06/08/2019 Book